[Event "Schwarzacher Open A"]
[Site "Schwarzach"]
[Date "1999.08.21"]
[Round "1.1"]
[White "Praxmarer, Christian"]
[Black "Burmakin, Vladimir"]
[Result "0-1"]
[WhiteElo "2135"]
[BlackElo "2579"]
[PlyCount "110"]
[EventDate "1999.08.??"]

1. d4 d5 2. c4 e6 3. Nf3 Nf6 4. Bg5 c6 5. cxd5 exd5 6. Nc3 Be7 7. e3 Qb6 8. Rb1
h6 9. Bf4 Bf5 10. Bd3 Bxd3 11. Qxd3 a5 12. h3 Nbd7 13. O-O O-O 14. Be5 Rfe8 15.
Bxf6 Nxf6 16. Qf5 Bd6 17. Nh4 Bb8 18. Qf3 Qc7 19. g3 Qd7 20. Kg2 Re6 21. Na4
Ba7 22. Rbe1 Ne4 23. Qg4 g6 24. Nf3 h5 25. Ne5 Qe8 26. Qd1 Bb8 27. Nd3 Re7 28.
Nc3 Nf6 29. Qf3 Kg7 30. g4 hxg4 31. hxg4 Qd7 32. Rh1 Qxg4+ 33. Qxg4 Nxg4 34.
Rh4 Nf6 35. Reh1 Bd6 36. Ne2 Ree8 37. Nc3 Rh8 38. Nc5 Rxh4 39. Rxh4 b6 40. Nd3
Rh8 41. Rxh8 Kxh8 42. f4 Kg7 43. Kf3 Nd7 44. Kg4 Kf6 45. Ne1 Bb4 46. Nd3 Bxc3
47. bxc3 Ke6 48. Kg5 Nf6 49. Nf2 {#} 49... Ne4+ 50. Nxe4 dxe4 51. c4 b5 52. f5+
gxf5 53. cxb5 cxb5 54. Kf4 b4 55. d5+ Kxd5 0-1

[Event "Schwarzacher Open A"]
[Site "Schwarzach"]
[Date "1999.08.21"]
[Round "1.2"]
[White "Bagaturov, Giorgi"]
[Black "Hicker, Harald"]
[Result "1/2-1/2"]
[WhiteElo "2532"]
[BlackElo "2133"]
[PlyCount "69"]
[EventDate "1999.08.??"]

1. d4 d5 2. c4 c6 3. Nc3 Nf6 4. Nf3 Bf5 5. cxd5 Nxd5 6. Qb3 Qb6 7. Nxd5 Qxb3 8.
Nc7+ Kd8 9. axb3 Kxc7 10. Ne5 f6 11. Nc4 Nd7 12. Bd2 e5 13. dxe5 Nxe5 14. Bc3
Nxc4 15. bxc4 Bd6 16. e3 Rhe8 17. Be2 Be5 18. Bxe5+ Rxe5 19. Kd2 Rd8+ 20. Kc3
a6 21. Rhd1 Rxd1 22. Rxd1 c5 23. h4 Be4 24. g3 Re6 25. g4 h6 26. Rg1 Bc6 27.
Bd3 b5 28. cxb5 axb5 29. g5 hxg5 30. hxg5 Kd6 31. b4 Be4 32. gxf6 gxf6 33.
bxc5+ Kxc5 34. Bxe4 Rxe4 35. Kd3 1/2-1/2

[Event "Schwarzacher Open A"]
[Site "Schwarzach"]
[Date "1999.08.21"]
[Round "1.3"]
[White "Wieser, Rupert"]
[Black "Zoler, Dan"]
[Result "0-1"]
[WhiteElo "2124"]
[BlackElo "2529"]
[PlyCount "66"]
[EventDate "1999.08.??"]

1. d4 Nf6 2. c4 e6 3. Nf3 d5 4. Nc3 c6 5. e3 Nbd7 6. Qc2 Bd6 7. b3 O-O 8. Be2
Re8 9. O-O dxc4 10. bxc4 e5 11. Rd1 Qe7 12. Rb1 e4 13. Nd2 Nf8 14. Nf1 Ng6 15.
f3 exf3 16. gxf3 Qe6 17. Bd3 Qh3 18. Qf2 Qh6 19. Bd2 Nh4 20. Ng3 Nh5 21. Be2
Qg6 22. f4 Nf6 23. Kh1 Ng4 24. Bxg4 Bxg4 25. Rf1 Bf3+ 26. Kg1 b6 27. e4 Bxe4
28. Ncxe4 Rxe4 29. Rfd1 Rxd4 30. Qe2 Nf5 31. Kf2 h5 32. Nxh5 Rxd2 33. Qxd2 Bc5+
0-1

[Event "Schwarzacher Open A"]
[Site "Schwarzach"]
[Date "1999.08.21"]
[Round "1.4"]
[White "Shchekachev, Andrei"]
[Black "Donegani, Peter"]
[Result "1-0"]
[WhiteElo "2505"]
[BlackElo "2119"]
[PlyCount "63"]
[EventDate "1999.08.??"]

1. c4 Nf6 2. Nc3 d5 3. cxd5 Nxd5 4. g3 g6 5. Bg2 Nb6 6. d3 Bg7 7. Be3 c6 8. Qc1
h6 9. Nf3 N8d7 10. O-O Nf6 11. h3 Be6 12. Kh2 g5 13. Ne4 Nxe4 14. dxe4 Nc4 15.
Rd1 Qc8 16. Bd4 f6 17. b3 Ne5 18. Ne1 Qc7 19. Nd3 O-O-O 20. Nxe5 fxe5 21. Be3
Rxd1 22. Qxd1 g4 23. hxg4 Bxg4 24. f3 Be6 25. Qf1 Kb8 26. Bh3 Bf7 27. b4 h5 28.
a4 h4 29. g4 {#} 29... a5 30. Qe1 axb4 31. Qxb4 e6 32. Bb6 1-0

[Event "Schwarzacher Open A"]
[Site "Schwarzach"]
[Date "1999.08.21"]
[Round "1.5"]
[White "Wersching, Alfred"]
[Black "Meijers, Viesturs"]
[Result "0-1"]
[WhiteElo "2111"]
[BlackElo "2472"]
[PlyCount "82"]
[EventDate "1999.08.??"]

1. d4 d5 2. c4 e6 3. Nc3 Nf6 4. Bg5 Be7 5. Nf3 O-O 6. e3 b6 7. Bxf6 Bxf6 8. Qb3
Bb7 9. cxd5 exd5 10. Be2 Re8 11. O-O c6 12. Rfd1 Nd7 13. Rac1 Nf8 14. Rd2 g5
15. Qd1 Ng6 16. b4 a6 17. a4 Be7 18. Qb3 Bd6 19. g3 h5 20. Ra2 {#} 20... h4 21.
a5 b5 22. Nd1 Kg7 23. Nb2 g4 24. Ne1 Qg5 25. Nd1 Rh8 26. f4 gxf3 27. Nxf3 Qf5
28. Qd3 Qxd3 29. Bxd3 hxg3 30. hxg3 Rh3 31. Bf5 Rxg3+ 32. Kf2 Rxf3+ 33. Kxf3
Nh4+ 34. Ke2 Nxf5 35. Rb1 Re8 36. Kd3 Bc8 37. Rg2+ Ng3 38. Rc1 Bd7 39. Nf2 Kf8
40. Rb1 Bf5+ 41. e4 Nxe4 0-1

[Event "Schwarzacher Open A"]
[Site "Schwarzach"]
[Date "1999.08.21"]
[Round "1.6"]
[White "Klovans, Janis"]
[Black "Herndl, Gerald"]
[Result "1-0"]
[WhiteElo "2465"]
[BlackElo "2095"]
[PlyCount "49"]
[EventDate "1999.08.??"]

1. e4 e5 2. Nf3 Nc6 3. Bb5 a6 4. Ba4 Nf6 5. O-O Be7 6. Re1 b5 7. Bb3 O-O 8. c3
d5 9. exd5 Nxd5 10. Nxe5 Nxe5 11. Rxe5 c6 12. d4 Bd6 13. Re2 Qh4 14. g3 Qh3 15.
Nd2 Bf5 16. a4 Rae8 17. Rxe8 Rxe8 18. Nf1 h5 19. axb5 h4 20. bxc6 Bg4 21. f3
hxg3 22. hxg3 {#} 22... Re1 23. Qxe1 Bxf3 24. Qe8+ Bf8 25. Kf2 1-0

[Event "Schwarzacher Open A"]
[Site "Schwarzach"]
[Date "1999.08.21"]
[Round "1.7"]
[White "Pammer, Andreas"]
[Black "Balinov, Ilia"]
[Result "0-1"]
[WhiteElo "2092"]
[BlackElo "2448"]
[PlyCount "48"]
[EventDate "1999.08.??"]

1. c4 e5 2. Nc3 Nf6 3. d3 Bb4 4. a3 Bxc3+ 5. bxc3 O-O 6. e4 c6 7. g4 d5 8. g5
Ne8 9. cxd5 cxd5 10. Bg2 dxe4 11. Bxe4 Nd6 12. Bd5 Qa5 13. Qb3 Na6 {#} 14. Bd2
Nc5 15. Qc2 Bf5 16. c4 Qc7 17. Qc3 Nxd3+ 18. Kf1 Rac8 19. Be3 b5 20. c5 Nxc5
21. Rc1 Nc4 22. Ne2 Nd3 23. Rc2 Nxe3+ 24. fxe3 Qb6 0-1

[Event "Schwarzacher Open A"]
[Site "Schwarzach"]
[Date "1999.08.21"]
[Round "1.8"]
[White "Renner, Christoph"]
[Black "Burger, Andreas"]
[Result "1-0"]
[WhiteElo "2448"]
[BlackElo "2090"]
[PlyCount "39"]
[EventDate "1999.08.??"]

1. e4 e6 2. d3 d5 3. Nf3 Nf6 4. Nbd2 b6 5. c3 Ba6 6. Be2 Be7 7. O-O O-O 8. a4
c5 9. Re1 Nc6 10. e5 Nd7 11. Bf1 Qc7 12. Nb1 d4 13. Bf4 Rac8 14. Na3 Rfd8 15.
h4 Bf8 16. Nb5 Qb8 17. g3 dxc3 18. bxc3 Ne7 19. Nd6 Rc6 20. Ng5 {#} 1-0

[Event "Schwarzacher Open A"]
[Site "Schwarzach"]
[Date "1999.08.21"]
[Round "1.9"]
[White "Ferk, Martin"]
[Black "Tratar, Marko"]
[Result "0-1"]
[WhiteElo "2081"]
[BlackElo "2442"]
[PlyCount "72"]
[EventDate "1999.08.??"]

1. d4 Nf6 2. c4 g6 3. Nc3 Bg7 4. e4 d6 5. Nf3 O-O 6. Be2 Na6 7. O-O e5 8. Bg5
h6 9. Bh4 Qe8 {#} 10. c5 exd4 11. Nxd4 Nxc5 12. Bxf6 Bxf6 13. Nd5 Qd8 14. Nb5
Ne6 15. Qc2 c6 16. Nxf6+ Qxf6 17. Nc3 Rd8 18. Rad1 Nf4 19. Bf3 Be6 20. a4 Rac8
21. Ne2 Nh3+ 22. Kh1 Ng5 23. Qc3 Qxc3 24. Nxc3 Nxf3 25. gxf3 d5 26. e5 Bf5 27.
Rfe1 Kf8 28. Rd4 Ke7 29. b4 Be6 30. Ne2 b6 31. Rh4 c5 32. bxc5 bxc5 33. Nc3 d4
34. Ne4 d3 35. Rxh6 d2 36. Rd1 c4 0-1

[Event "Schwarzacher Open A"]
[Site "Schwarzach"]
[Date "1999.08.21"]
[Round "1.11"]
[White "Soln, Primoz"]
[Black "Fenske, Wolfgang"]
[Result "1-0"]
[WhiteElo "2411"]
[BlackElo "2075"]
[PlyCount "53"]
[EventDate "1999.08.??"]

1. d4 Nf6 2. c4 g6 3. Nc3 Bg7 4. e4 d6 5. Bd3 O-O 6. Nge2 e5 7. d5 Ng4 8. h3
Nh6 9. O-O f5 10. exf5 Nxf5 11. Ne4 Nd7 12. Bg5 Nf6 13. g4 Ne7 14. Qd2 Kh8 15.
N2c3 Neg8 16. f4 exf4 17. Rxf4 Bd7 18. Nxf6 Bxf6 {#} 19. Rxf6 Nxf6 20. Rf1 Qe7
21. Rxf6 Rxf6 22. Ne4 Raf8 23. Bxf6+ Rxf6 24. Qc3 Qe5 25. Qxe5 dxe5 26. Nxf6
Bc8 27. c5 1-0

[Event "Schwarzacher Open A"]
[Site "Schwarzach"]
[Date "1999.08.21"]
[Round "1.12"]
[White "Kerschenbauer, Franz"]
[Black "Piven, Igor"]
[Result "0-1"]
[WhiteElo "2070"]
[BlackElo "2387"]
[PlyCount "60"]
[EventDate "1999.08.??"]

1. g3 g6 2. Bg2 Bg7 3. d3 d5 4. e3 e5 5. Nd2 Ne7 6. Ne2 O-O 7. b3 Nbc6 8. Bb2
Be6 9. h3 Qd7 10. a3 a5 11. Qc1 h6 12. e4 Rad8 13. f4 f5 14. exd5 Bxd5 15. Nf3
e4 16. dxe4 fxe4 17. Nh4 e3 18. Bxg7 Bxg2 19. Nxg2 Kxg7 20. Nxe3 Qe6 {#} 21.
O-O Qxh3 22. Rf2 Qe6 23. g4 Kh7 24. Ng3 Nd5 25. Nxd5 Qxg4 26. Rg2 Rxd5 27. c4
Rd3 28. Ne2 Qf5 29. Qc2 Rfd8 30. Kf2 Rf3+ 0-1

[Event "Schwarzacher Open A"]
[Site "Schwarzach"]
[Date "1999.08.21"]
[Round "1.13"]
[White "Sandner, Gunter"]
[Black "Wilfling, Hermann"]
[Result "1-0"]
[WhiteElo "2374"]
[BlackElo "2063"]
[PlyCount "85"]
[EventDate "1999.08.??"]

1. d4 Nf6 2. Nf3 g6 3. g3 Bg7 4. Bg2 O-O 5. O-O d6 6. c4 Nbd7 7. Nc3 e5 8. e4
Re8 9. h3 exd4 10. Nxd4 Nc5 11. Re1 a5 12. b3 Bd7 13. Bg5 h6 14. Bf4 Kh7 15. g4
Ng8 16. Be3 Nf6 17. Qc2 Rb8 18. Rad1 Qc8 19. f3 Re7 20. Bf2 Ne6 {#} 21. Nf5
gxf5 22. exf5 Kg8 23. fxe6 fxe6 24. f4 Qe8 25. c5 d5 26. Bd4 c6 27. Be5 Rd8 28.
Bd6 Rf7 29. Ne2 Nh7 30. Nd4 Nf8 31. Qd3 Bc8 32. Qg3 Qd7 33. Nf3 Ng6 34. h4 e5
35. f5 Nf4 36. Nxe5 Bxe5 37. Rxe5 Nxg2 38. Kxg2 Re8 39. Rde1 Rxe5 40. Rxe5 Rg7
41. g5 Qd8 42. g6 Bd7 43. Qe3 1-0

[Event "Schwarzacher Open A"]
[Site "Schwarzach"]
[Date "1999.08.21"]
[Round "1.14"]
[White "Bachofner, Christian"]
[Black "Jurkovic, Hrvoje"]
[Result "0-1"]
[WhiteElo "2050"]
[BlackElo "2370"]
[PlyCount "142"]
[EventDate "1999.08.??"]

1. e4 c5 2. Nf3 a6 3. c4 e6 4. Nc3 Nc6 5. g3 d6 6. Bg2 Nf6 7. O-O Be7 8. d4
cxd4 9. Nxd4 Bd7 10. h3 O-O 11. Be3 Rc8 12. b3 Nxd4 13. Qxd4 Qa5 14. Qd2 Kh8
15. Rac1 b5 16. cxb5 axb5 17. Ne2 Qxd2 18. Bxd2 Bc6 19. f3 e5 20. Bb4 Nd7 21.
Rfd1 Nc5 22. Nc3 Bg5 23. Rc2 Be3+ 24. Kh2 Rfd8 25. Nd5 Bxd5 26. Rxd5 h5 27. h4
Rc6 28. Bf1 Rb8 29. Bxc5 Bxc5 30. Kg2 b4 31. f4 f6 32. f5 g6 33. fxg6 Kg7 34.
Kf3 Kxg6 35. Bh3 Rc7 36. Bf5+ Kh6 37. Rdd2 Rg8 38. Be6 Rgg7 39. Rg2 Bd4 40.
Rxc7 Rxc7 41. Bc4 {#} 41... d5 42. exd5 f5 43. d6 Rc6 44. d7 Rd6 45. Bb5 e4+
46. Kf4 Kg6 47. Rc2 Bc3 48. a4 Kf6 49. Ke3 Ke7 50. Ra2 Rd5 51. Rc2 Rd1 52. a5
Rd5 53. Ba4 Rxa5 54. Ke2 Rc5 55. Rc1 Rd5 56. Rc2 Rd3 57. Kf2 Be5 58. Rc8 Bxg3+
59. Ke2 Bxh4 60. Rh8 Bf6 61. Rxh5 f4 62. Rh7+ Ke6 63. Bb5 Rd4 64. Bc4+ Kf5 65.
Rh5+ Bg5 66. Rh8 Rxd7 67. Re8 f3+ 68. Kf1 Rd1+ 69. Kf2 Rd2+ 70. Kf1 e3 71. Re6
Rd1# 0-1

[Event "Schwarzacher Open A"]
[Site "Schwarzach"]
[Date "1999.08.21"]
[Round "1.15"]
[White "Dittmar, Peter"]
[Black "Hahn, Guenter"]
[Result "1-0"]
[WhiteElo "2363"]
[BlackElo "2049"]
[PlyCount "55"]
[EventDate "1999.08.??"]

1. d4 Nf6 2. Bg5 g6 3. Bxf6 exf6 4. g3 d5 5. Bg2 Bg7 6. e3 O-O 7. Nd2 c6 8. Ne2
Bf5 9. O-O Nd7 10. c4 dxc4 11. Nxc4 Be6 12. Rc1 f5 13. Nf4 Bxc4 14. Rxc4 Nf6
15. Qb3 Rb8 16. Rb4 Qd7 17. Nd3 Ne4 {#} 18. Bxe4 fxe4 19. Nc5 Qc7 20. Nxe4 Qe7
21. Nc5 b6 22. Nd3 Rfc8 23. Rc4 a5 24. Rfc1 Qe4 25. Qc2 Rc7 26. Nf4 Qxc2 27.
R1xc2 Rbc8 28. Nd5 1-0

[Event "Schwarzacher Open A"]
[Site "Schwarzach"]
[Date "1999.08.21"]
[Round "1.16"]
[White "Ljubic, Pero"]
[Black "Brumen, Dinko"]
[Result "0-1"]
[WhiteElo "2042"]
[BlackElo "2360"]
[PlyCount "80"]
[EventDate "1999.08.??"]

1. e4 e6 2. d4 d5 3. Nc3 Bb4 4. e5 c5 5. a3 Bxc3+ 6. bxc3 Ne7 7. Qg4 Qc7 8.
Qxg7 Rg8 9. Qxh7 cxd4 10. Ne2 Nbc6 11. f4 Bd7 12. Bd2 dxc3 13. Bxc3 O-O-O 14.
Qd3 Nf5 15. h3 d4 16. Bd2 Qb6 17. g4 Nh4 18. Ng3 Ne7 19. Be2 Bc6 20. O-O Qc5
21. Rf2 Qd5 22. Kh2 Rg6 23. Bb4 Ng8 {#} 24. f5 exf5 25. gxf5 Rg7 26. f6 Rg5 27.
Bg4+ Rxg4 28. hxg4 Nh6 29. Kh3 Qe6 30. Nf5 N4xf5 31. Rxf5 Rh8 32. Rg5 Nf5+ 33.
Rh5 Rxh5+ 34. gxh5 Ne3+ 35. Kg3 Qxe5+ 36. Kf2 Ng4+ 37. Kf1 Bb5 38. Re1 Bxd3+
39. cxd3 Ne3+ 40. Kf2 Qf4+ 0-1

[Event "Schwarzacher Open A"]
[Site "Schwarzach"]
[Date "1999.08.21"]
[Round "1.18"]
[White "Vigh, Bela"]
[Black "Taschner, Peter"]
[Result "1-0"]
[WhiteElo "2345"]
[BlackElo "2037"]
[PlyCount "67"]
[EventDate "1999.08.??"]

1. d4 d6 2. c4 e5 3. Nf3 e4 4. Nfd2 f5 5. Nc3 Nf6 6. e3 g6 7. g3 c6 8. Bg2 Be6
9. d5 cxd5 10. cxd5 Bf7 11. f3 exf3 12. Nxf3 Bg7 13. O-O Nbd7 14. Ng5 O-O 15.
Ne2 Nh5 16. Ne6 Bxe6 17. dxe6 Nc5 18. Nd4 Qe8 19. Bd5 Kh8 20. b4 Ne4 21. Bb2
Rb8 22. Bxe4 fxe4 23. Rxf8+ Qxf8 24. Rc1 Qe7 25. Qc2 Nf6 26. Qc7 Re8 27. Qxe7
Rxe7 28. Rc8+ Ng8 29. Rd8 Be5 {#} 30. Rxd6 Nf6 31. Nf5 Bxb2 32. Nxe7 Kg7 33.
Rd7 Bc1 34. Nf5+ 1-0

[Event "Schwarzacher Open A"]
[Site "Schwarzach"]
[Date "1999.08.21"]
[Round "1.19"]
[White "Marjanovic, Slavko"]
[Black "Staller, Peter"]
[Result "0-1"]
[WhiteElo "2031"]
[BlackElo "2310"]
[PlyCount "42"]
[EventDate "1999.08.??"]

1. d4 Nf6 2. c4 g6 3. Nc3 Bg7 4. e4 d6 5. f3 O-O 6. Be3 Nbd7 7. Qd2 c5 8. Nge2
a6 9. g4 Re8 10. h4 h5 11. gxh5 Nxh5 12. O-O-O b5 13. dxc5 {#} 13... Ne5 14.
cxd6 Nxc4 15. dxe7 Qxe7 16. Qd5 Qb4 17. Rd2 Be6 18. Qc5 Qxc5 19. Bxc5 Bh6 20.
f4 Nxf4 21. Nxf4 Nxd2 0-1

[Event "Schwarzacher Open A"]
[Site "Schwarzach"]
[Date "1999.08.21"]
[Round "1.20"]
[White "Hardicsay, Peter"]
[Black "Scharler, Walter"]
[Result "1-0"]
[WhiteElo "2304"]
[BlackElo "2021"]
[PlyCount "57"]
[EventDate "1999.08.??"]

1. c4 e5 2. Nc3 Nc6 3. Nf3 g6 4. d4 Bg7 5. d5 Nce7 6. d6 cxd6 7. e4 Nc6 8. Be3
Nge7 9. Qxd6 O-O 10. O-O-O f5 11. h4 fxe4 12. Ng5 Rf6 13. Qd2 Qa5 14. Ngxe4 Rf8
15. c5 b5 16. Kb1 a6 17. h5 Nd4 18. Nd6 Nef5 19. Nce4 Qc7 20. hxg6 hxg6 21. Bd3
Bb7 22. Nxb7 Qxb7 23. Bxd4 Nxd4 24. Qg5 Qc6 {#} 25. Rh6 Bxh6 26. Qxh6 Nf5 27.
Qg5 Kg7 28. g4 Nd4 29. Qxe5+ 1-0

[Event "Schwarzacher Open A"]
[Site "Schwarzach"]
[Date "1999.08.22"]
[Round "2.1"]
[White "Burmakin, Vladimir"]
[Black "Hardicsay, Peter"]
[Result "1-0"]
[WhiteElo "2579"]
[BlackElo "2304"]
[PlyCount "62"]
[EventDate "1999.08.??"]

1. d4 Nf6 2. Nf3 e6 3. c4 c5 4. d5 exd5 5. cxd5 g6 6. Nc3 d6 7. Nd2 Nbd7 8. e4
Bg7 9. Be2 O-O 10. O-O Re8 11. h3 h6 12. Qc2 Nb6 13. a4 Nh5 14. Bxh5 gxh5 15.
Qd1 Qh4 16. Nb5 Rd8 17. a5 Nd7 18. Nxd6 Ne5 19. Nxc8 Raxc8 20. Qe2 Re8 21. f4
Ng6 22. Nc4 Rcd8 23. Qf3 Bd4+ 24. Be3 Qe7 25. Bxd4 cxd4 26. e5 Qc5 27. Nd6 {#}
27... Rxd6 28. exd6 Qxd6 29. Rae1 Rxe1 30. Rxe1 Qxf4 31. Qxf4 Nxf4 1-0

[Event "Schwarzacher Open A"]
[Site "Schwarzach"]
[Date "1999.08.22"]
[Round "2.2"]
[White "Zoler, Dan"]
[Black "Rolletschek, Heinrich"]
[Result "1-0"]
[WhiteElo "2529"]
[BlackElo "2291"]
[PlyCount "113"]
[EventDate "1999.08.??"]

1. d4 f5 2. c4 Nf6 3. g3 g6 4. Bg2 Bg7 5. Nf3 d6 6. O-O O-O 7. Nc3 c6 8. Rb1
Qc7 9. d5 e5 10. dxe6 Qe7 11. Nd4 Bxe6 12. Nxe6 Qxe6 13. b3 Na6 14. Bb2 Rad8
15. Qc2 Rfe8 16. Rbd1 Nc7 17. Rd2 Rd7 18. Rfd1 Red8 19. e3 h6 20. Ne2 Qf7 21.
Bd4 a6 22. Nf4 Nfe8 23. h4 Bxd4 24. Rxd4 Ne6 25. Nxe6 Qxe6 26. e4 fxe4 27. Rxe4
Qf5 28. Qe2 Ng7 29. Rf4 Re8 30. Qd2 Qe5 31. Re4 Qh5 32. Rxe8+ Nxe8 33. Re1 Kf7
34. Qe3 Qe5 35. Qd2 Qg7 36. Qf4+ Nf6 {#} 37. Bh3 Re7 38. Rd1 g5 39. hxg5 hxg5
40. Qxd6 Qh7 41. Bg2 Qf5 42. Qd2 Qe5 43. Bf3 Qf5 44. Qd3 Qe5 45. g4 Qe6 46. Kg2
Rd7 47. Qc2 Rxd1 48. Qxd1 Qd7 49. Qxd7+ Nxd7 50. Be4 Kf6 51. Bf5 Nc5 52. b4 Na4
53. Bc8 c5 54. a3 cxb4 55. axb4 a5 56. bxa5 Nc5 57. Bxb7 1-0

[Event "Schwarzacher Open A"]
[Site "Schwarzach"]
[Date "1999.08.22"]
[Round "2.3"]
[White "Ter-Minasjan, Dmitry"]
[Black "Shchekachev, Andrei"]
[Result "1/2-1/2"]
[WhiteElo "2292"]
[BlackElo "2505"]
[PlyCount "201"]
[EventDate "1999.08.??"]

1. Nf3 c5 2. c4 Nc6 3. Nc3 g6 4. g3 Bg7 5. Bg2 d6 6. O-O Bf5 7. d3 Qd7 8. Re1
Rb8 9. Rb1 a6 10. a4 Nf6 11. Bg5 h6 12. Bxf6 Bxf6 13. Nd5 Bg7 14. b4 cxb4 15.
Nxb4 Nxb4 16. Rxb4 {#} 16... Bc3 17. Qb3 Bxb4 18. Qxb4 Bh3 19. Bh1 O-O 20. a5
Qc7 21. Rb1 Rfc8 22. Nd2 Qc5 23. e3 Bf5 24. d4 Qc7 25. Rb2 e5 26. dxe5 dxe5 27.
Bd5 Qc5 28. e4 Be6 29. Kg2 Kg7 30. Nf3 30... Bxd5 31. exd5 Qxc4 32. Qxc4 Rxc4
33. Nxe5 Ra4 34. d6 Rxa5 35. Nc6 bxc6 36. Rxb8 Rd5 37. Rb6 Rxd6 38. Rxa6 Kf6
39. Ra7 g5 40. Kf3 Rd4 41. Ke3 Rc4 42. h3 h5 43. Kd3 Rc5 44. f3 Rd5+ 45. Ke3
Re5+ 46. Kd3 Ke6 47. h4 gxh4 48. gxh4 Rc5 49. Rc7 Kf6 50. Kd4 Rc1 51. Ke4 Rc3
52. Rc8 Ke6 53. Re8+ Kd6 54. Rd8+ Ke7 55. Rc8 Kf6 56. Rh8 Rc4+ 57. Kd3 Rc5 58.
Ke4 Kg7 59. Rc8 Rc3 60. Rc7 Kg6 61. Rc8 Rc4+ 62. Kd3 Rc1 63. Ke4 Kg7 64. Rc7
Kg6 65. Rc8 f6 66. Rg8+ Kf7 67. Rc8 Re1+ 68. Kf4 Rc1 69. Ke4 Rc5 70. f4 Ke7 71.
Rh8 Rd5 72. Rc8 Kd7 73. Rf8 Ke6 74. Re8+ Kf7 75. Rc8 Rc5 76. Rh8 Kg6 77. Rg8+
Kh7 78. Rf8 Kg7 79. Rc8 Kf7 80. Rh8 Ke7 81. Rc8 f5+ 82. Kd4 Rd5+ 83. Kc4 Kd7
84. Rh8 Ra5 85. Rh7+ Ke6 86. Rh6+ Kf7 87. Rxc6 Ra4+ 88. Kd5 Rxf4 89. Ke5 Rf1
90. Rf6+ Kg7 91. Rxf5 Re1+ 92. Kf4 Kg6 93. Rg5+ Kh6 94. Kg3 Re3+ 95. Kf4 Rh3
96. Ra5 Rxh4+ 97. Kg3 Rg4+ 98. Kh3 Rg6 99. Rb5 Ra6 100. Rc5 Kg6 101. Rb5
1/2-1/2

[Event "Schwarzacher Open A"]
[Site "Schwarzach"]
[Date "1999.08.22"]
[Round "2.4"]
[White "Meijers, Viesturs"]
[Black "Niedermayr, Horst"]
[Result "1-0"]
[WhiteElo "2472"]
[BlackElo "2235"]
[PlyCount "55"]
[EventDate "1999.08.??"]

1. e4 c5 2. Nf3 Nc6 3. d4 cxd4 4. Nxd4 e6 5. Nc3 Qc7 6. Be2 a6 7. a4 Nf6 8. O-O
Nxd4 9. Qxd4 Bc5 10. Qd3 h5 11. h3 b6 12. Be3 Bb7 13. Rad1 Rd8 14. Bg5 Be7 15.
f4 d5 16. e5 Ne4 17. Bxe7 Qxe7 18. Nxe4 dxe4 19. Qe3 Qc5 20. Rxd8+ Kxd8 21.
Rd1+ Kc7 22. Rd4 Kb8 23. c3 h4 24. b4 Qc6 25. Rd6 Qxa4 26. Rxb6 Qa1+ 27. Kh2
Qe1 {#} 28. Rxb7+ 1-0

[Event "Schwarzacher Open A"]
[Site "Schwarzach"]
[Date "1999.08.22"]
[Round "2.5"]
[White "Ljubic, Juro"]
[Black "Klovans, Janis"]
[Result "0-1"]
[WhiteElo "2265"]
[BlackElo "2465"]
[PlyCount "120"]
[EventDate "1999.08.??"]

1. e4 e5 2. Nf3 Nc6 3. Bc4 Nf6 4. d3 Be7 5. O-O d6 6. h3 Na5 7. Nbd2 O-O 8. Re1
a6 9. c3 b5 10. Bb3 Nxb3 11. axb3 Bb7 12. Nf1 Re8 13. Ng3 g6 14. Bh6 Bf8 15.
Bxf8 Kxf8 16. c4 Kg8 17. Qd2 Nd7 18. h4 Nc5 19. b4 Ne6 20. b3 Qf6 21. h5 c5 22.
hxg6 hxg6 23. Nf1 Qf4 24. Qc3 cxb4 25. Qxb4 Nc5 26. Rad1 bxc4 27. bxc4 a5 28.
Qb1 Reb8 29. Qa1 a4 30. Re3 Bc8 31. N1d2 Bg4 32. Rb1 Rxb1+ 33. Qxb1 a3 34. Qa2
Bxf3 35. Nxf3 Kg7 36. Nd2 Qf6 37. d4 exd4 38. Rxa3 Rxa3 39. Qxa3 d3 40. Nf3 Qe6
41. e5 Qxc4 42. exd6 Qd5 43. Qb2+ Kh7 44. Qf6 Ne4 45. Qh4+ Kg7 {#} 46. d7 Nf6
47. Qd4 Qxd4 48. Nxd4 Nxd7 49. Kf1 Kf6 50. Ke1 Ke5 51. Nf3+ Kd5 52. Kd2 Kc4 53.
Ng5 Nc5 54. Nf3 Nb3+ 55. Kd1 Kc3 56. Ne5 Nc5 57. Ng4 Ne4 58. f3 Nd6 59. Nf2 Nc4
60. g4 Nb2+ 0-1

[Event "Schwarzacher Open A"]
[Site "Schwarzach"]
[Date "1999.08.22"]
[Round "2.6"]
[White "Balinov, Ilia"]
[Black "Kranz, Armin"]
[Result "1-0"]
[WhiteElo "2448"]
[BlackElo "2202"]
[PlyCount "73"]
[EventDate "1999.08.??"]

1. e4 c6 2. d4 d5 3. Nd2 dxe4 4. Nxe4 Nd7 5. Ng5 Ngf6 6. Bd3 e6 7. N1f3 Bd6 8.
Qe2 h6 9. Ne4 Nxe4 10. Qxe4 Qc7 {#} 11. Qg4 Kf8 12. Qe4 c5 13. c3 Nf6 14. Qe2
b6 15. O-O Bb7 16. Ne5 Rc8 17. f4 cxd4 18. cxd4 Bd5 19. Bd2 Qb8 20. a3 Kg8 21.
f5 Re8 22. Rae1 Qa8 23. fxe6 Rxe6 24. Qf2 Qb7 25. Re2 Qb8 26. Qe1 Qb7 27. Qh4
Be7 28. Qh3 Bd6 29. Be1 Be7 30. Bg3 g6 31. Bh4 Kg7 32. Ref2 Rd8 {#} 33. Rxf6
Bxf6 34. Rxf6 Rxf6 35. Ng4 Re6 36. Bf6+ Rxf6 37. Qxh6+ 1-0

[Event "Schwarzacher Open A"]
[Site "Schwarzach"]
[Date "1999.08.22"]
[Round "2.7"]
[White "Wolter, Michael"]
[Black "Renner, Christoph"]
[Result "1/2-1/2"]
[WhiteElo "2212"]
[BlackElo "2448"]
[PlyCount "79"]
[EventDate "1999.08.??"]

1. d4 f5 2. g3 Nf6 3. Bg2 g6 4. Nf3 Bg7 5. O-O O-O 6. b4 d6 7. Bb2 e5 8. dxe5
Ng4 9. h3 Nxe5 10. Qd5+ Nf7 11. Bxg7 Kxg7 12. Qd4+ Kg8 13. Nbd2 Nc6 14. Qb2
Nfe5 15. e3 Qf6 16. Rab1 Be6 17. b5 Nxf3+ 18. Bxf3 Qxb2 19. Rxb2 Na5 20. Rb4 a6
21. bxa6 Rxa6 22. Nb3 b6 23. Rd1 Nc4 {#} 24. Be2 d5 25. Nd4 Bf7 26. Nc6 Rxa2
27. Ne7+ Kg7 28. Nxd5 Nb2 29. Rb1 Na4 30. Bc4 Ra3 31. Nxc7 Nc3 32. Re1 Rc8 33.
Bxf7 Kxf7 34. Nb5 Nxb5 35. Rxb5 Rxc2 36. Rxb6 Raa2 37. Rf1 Ra7 38. h4 Rd7 39.
Kg2 Kg7 40. Kg1 1/2-1/2

[Event "Schwarzacher Open A"]
[Site "Schwarzach"]
[Date "1999.08.22"]
[Round "2.8"]
[White "Tratar, Marko"]
[Black "Fellhauer, Clemens"]
[Result "1-0"]
[WhiteElo "2442"]
[BlackElo "2185"]
[PlyCount "87"]
[EventDate "1999.08.??"]

1. Nf3 Nf6 2. c4 c5 3. Nc3 g6 4. d4 cxd4 5. Nxd4 Bg7 6. e4 d6 7. Be2 Nbd7 8.
O-O O-O 9. Be3 Ne5 10. f3 b6 11. Qd2 Bb7 12. Rfd1 Rc8 13. b3 Qc7 14. Rac1 Qb8
15. Nd5 Rfe8 16. Nb5 Bc6 17. a4 Ned7 18. Bf4 Bf8 19. g4 Ba8 20. b4 a6 21. Nbc3
Qb7 22. g5 Nh5 23. Be3 e6 24. Nf4 Nxf4 25. Bxf4 d5 26. Rb1 e5 27. Bg3 d4 28.
Nd5 Qb8 29. Qa2 Bxd5 30. exd5 Qc7 31. a5 bxa5 32. Qxa5 Qxa5 33. bxa5 Rb8 34.
Rxb8 Rxb8 35. f4 e4 36. Bg4 {#} 36... Rb7 37. Rxd4 Bc5 38. Bf2 Bxd4 39. Bxd4
Rc7 40. Bxd7 Rxd7 41. Kf2 Rc7 42. c5 Kf8 43. c6 Ke8 44. Ke3 1-0

[Event "Schwarzacher Open A"]
[Site "Schwarzach"]
[Date "1999.08.22"]
[Round "2.9"]
[White "Sebenik, Matej"]
[Black "Soln, Primoz"]
[Result "1/2-1/2"]
[WhiteElo "2194"]
[BlackElo "2411"]
[PlyCount "24"]
[EventDate "1999.08.??"]

1. d4 Nc6 2. Nf3 e6 3. c4 Bb4+ 4. Bd2 Be7 5. g3 Nf6 6. Bg2 d5 7. O-O O-O 8. Qc2
Ne4 9. a3 Bf6 10. e3 Ne7 11. Nc3 Nxc3 12. Bxc3 {#} 12... c6 1/2-1/2

[Event "Schwarzacher Open A"]
[Site "Schwarzach"]
[Date "1999.08.22"]
[Round "2.10"]
[White "Piven, Igor"]
[Black "Callier, Christophe"]
[Result "1-0"]
[WhiteElo "2387"]
[BlackElo "2167"]
[PlyCount "91"]
[EventDate "1999.08.??"]

1. d4 Nf6 2. Nf3 g6 3. c4 Bg7 4. g3 O-O 5. Bg2 d6 6. O-O Nbd7 7. Nc3 e5 8. e4
c6 9. h3 Qb6 10. d5 Nc5 11. Ne1 cxd5 12. cxd5 Bd7 13. Nd3 Nxd3 14. Qxd3 Rfc8
15. Qe2 a5 16. Be3 Qa6 17. Qxa6 Rxa6 18. Rfc1 a4 19. Bf1 Raa8 20. Kg2 Bf8 21.
Bd3 Kg7 22. Rc2 Be7 23. Rac1 Bd8 24. f3 Ne8 25. Nb5 Rxc2+ 26. Rxc2 Rc8 27. Rxc8
Bxc8 {#} 28. Bc2 Bd7 29. Bxa4 Nc7 30. Nc3 b5 31. Bc2 b4 32. Nb1 Na6 33. Nd2 Bb5
34. Bb3 Nc5 35. Bc4 Bd7 36. Bf1 Bc7 37. Nc4 Bb5 38. Nxe5 Bxf1+ 39. Kxf1 Nxe4
40. fxe4 dxe5 41. Bc5 Ba5 42. Bd6 f6 43. Ke2 Kf7 44. g4 Ke8 45. Kd3 Kd7 46. Bc5
1-0